| 000 | 00558nam a22002177a 4500 | ||
|---|---|---|---|
| 003 | UA-OsUOA | ||
| 001 | 74624 | ||
| 007 | ta | ||
| 008 | 20110414b un ||||| |||| 00| 0 ukr d | ||
| 100 | _aМау В. | ||
| 090 |
_a330 _bМ35 |
||
| 942 | _cSA | ||
| 040 |
_aUA-OsUOA _brus _cUA-OsUOA _dUA-OsUOA |
||
| 245 | _aЭкономическая политика 2010 года: в поисках инноваций | ||
| 300 | _aС.4-23 | ||
| 955 | _a0 | ||
| 041 | _arus | ||
| 080 | _a330 | ||
| 773 | 0 | _w74623 | |
| 650 | 7 |
_a330 Економіка взагалі _2UDC |
|
| 999 |
_c360912 _d360912 |
||